Sky-high potential (Record no. 74717)

MARC details
000 -LEADER
fixed length control field 01012cab a2200217 4500
001 - CONTROL NUMBER
control field ABS68633
008 - FIXED-LENGTH DATA ELEMENTS--GENERAL INFORMATION
fixed length control field 050114n2004 000 0 eng u
035 ## - SYSTEM CONTROL NUMBER
System control number (Sirsi) u128525
100 ## - MAIN ENTRY--PERSONAL NAME
Personal name Blackman, D.
245 ## - TITLE STATEMENT
Title Sky-high potential
260 ## - PUBLICATION, DISTRIBUTION, ETC.
Date of publication, distribution, etc. 2004
490 ## - SERIES STATEMENT
Series statement Inside Housing
Volume/sequential designation 21(48) 3 December 2004, 22-23(2)
520 ## - SUMMARY, ETC.
Summary, etc. Looks at the use of tower blocks, traditionally seen as housing of last resort, as homes for first-time buyers. Focuses on the work of Manchester-based property developer Legendary Property Company (LPC), which originally purchased tower blocks with a view to capitalising on land values but instead refurbished them, let them out at cheap rents and achieved 100% occupancy. LPC is now looking to expand beyond its northwest England territory into the Midlands, Yorkshire, Scotland and London.
590 ## - LOCAL NOTE (RLIN)
Local note ABS
650 ## - SUBJECT ADDED ENTRY--TOPICAL TERM
Topical term or geographic name entry element TOWER BLOCKS
650 ## - SUBJECT ADDED ENTRY--TOPICAL TERM
Topical term or geographic name entry element FIRST-TIME BUYERS
650 ## - SUBJECT ADDED ENTRY--TOPICAL TERM
Topical term or geographic name entry element REGENERATION
650 ## - SUBJECT ADDED ENTRY--TOPICAL TERM
Topical term or geographic name entry element PROPERTY DEVELOPMENT
690 ## - LOCAL SUBJECT ADDED ENTRY--TOPICAL TERM (OCLC, RLIN)
Topical term or geographic name as entry element HOUSING
942 ## - ADDED ENTRY ELEMENTS (KOHA)
Suppress in OPAC 0
Holdings
Withdrawn status Lost status Source of classification or shelving scheme Damaged status Not for loan Home library Current library Shelving location Date acquired Total Checkouts Full call number Barcode Date last seen Copy number Price effective from Koha item type
    Dewey Decimal Classification     London London Journal article 14/01/2005   ABS68633 128525-1001 06/08/2019 1 06/08/2019 Journal article